ការអនុវត្តល្អៗដើម្បីរួមបញ្ចូលការបន្សុាំទៅនឹងការប្រែប្រួលអាកាសធាតុ (Record no. 22537)
[ view plain ]
| 000 -LEADER | |
|---|---|
| fixed length control field | 00542nam a22001457a 4500 |
| 003 - CONTROL NUMBER IDENTIFIER | |
| control field | LRUA |
| 005 - DATE AND TIME OF LATEST TRANSACTION | |
| control field | 20240111202522.0 |
| 008 - FIXED-LENGTH DATA ELEMENTS--GENERAL INFORMATION | |
| fixed length control field | 240111b xxu||||| |||| 00| 0 eng d |
| 040 ## - CATALOGING SOURCE | |
| Transcribing agency | JCC |
| 082 ## - DEWEY DECIMAL CLASSIFICATION NUMBER | |
| Edition number | 123 JCC 2012 C022 Or. |
| 245 ## - TITLE STATEMENT | |
| Title | ការអនុវត្តល្អៗដើម្បីរួមបញ្ចូលការបន្សុាំទៅនឹងការប្រែប្រួលអាកាសធាតុ |
| 260 ## - PUBLICATION, DISTRIBUTION, ETC. (IMPRINT) | |
| Place of publication, distribution, etc. | Ellen Maling |
| Name of publisher, distributor, etc. | Joint Climate Change Initiative |
| Date of publication, distribution, etc. | 2012 |
| 300 ## - PHYSICAL DESCRIPTION | |
| Extent | 41p |
| Dimensions | 23cm |
| 942 ## - ADDED ENTRY ELEMENTS (KOHA) | |
| Source of classification or shelving scheme | |
| Koha item type | សៀវភៅភាសាខ្មែរ |
| Price effective from | Date last seen | Permanent Location | Not for loan | Date acquired | Source of classification or shelving scheme | Koha item type | Barcode | Lost status | Damaged status | Shelving location | Withdrawn status | Current Location | Full call number |
|---|---|---|---|---|---|---|---|---|---|---|---|---|---|
| 2024-01-11 | 2024-01-11 | Library Block C | 2024-01-11 | សៀវភៅភាសាខ្មែរ | A074949 | C022 | Library Block C | 123 JCC 2012 C022 Or. | |||||
| 2024-01-11 | 2024-01-11 | Library Block C | 2024-01-11 | សៀវភៅភាសាខ្មែរ | A074957 | C022 | Library Block C | 123 JCC 2012 C022 Or. | |||||
| 2024-01-11 | 2024-01-11 | Library Block C | 2024-01-11 | សៀវភៅភាសាខ្មែរ | A074945 | C022 | Library Block C | 123 JCC 2012 C022 Or. | |||||
| 2024-01-11 | 2024-01-11 | Library Block C | 2024-01-11 | សៀវភៅភាសាខ្មែរ | A074905 | C022 | Library Block C | 123 JCC 2012 C022 Or. | |||||
| 2024-01-11 | 2024-01-11 | Library Block C | 2024-01-11 | សៀវភៅភាសាខ្មែរ | A074897 | C022 | Library Block C | 123 JCC 2012 C022 Or. | |||||
| 2024-01-11 | 2024-01-11 | Library Block C | 2024-01-11 | សៀវភៅភាសាខ្មែរ | A074937 | C022 | Library Block C | 123 JCC 2012 C022 Or. |